[Event "FICGS rapid D 000041 email"]
[Site "FICGS email"]
[Date "2010.05.26"]
[Round "1"]
[White "Lalande, Marc"]
[Black "Roncagliolo, Marco"]
[Result "0-1"]
[WhiteElo "1365"]
[BlackElo "1492"]
[PlyCount "38"]
[EventDate "2010.??.??"]
[EventType "tourn (rapid)"]
[EventRounds "6"]
[SourceTitle "Corr 2013"]
[Source "ChessBase"]
[SourceDate "2012.11.12"]
[SourceVersion "1"]
[SourceVersionDate "2012.11.12"]
[SourceQuality "1"]

1. Nf3 Nf6 2. c4 g6 3. d4 Bg7 4. g3 0-0 5. Bg2 c5 6. 0-0 cxd4 7. Nxd4 Nc6 8. Nc3 Nxd4 9. Qxd4 d6 10. e4 Nd7 11. Qe3 Ne5 12. Qe2 Be6 13. Nd5 Rc8 14. Be3 b6 15. Rac1 Qd7 16. Rfd1 Ng4 17. Bd2 Bxb2 18. Rc2 Bg7 19. f4 Bd4+ 0-1

[Event "FICGS rapid D 000041 email"]
[Site "FICGS email"]
[Date "2010.05.26"]
[Round "1"]
[White "Leurette, Marc Antoine"]
[Black "Lalande, Marc"]
[Result "1-0"]
[WhiteElo "1421"]
[BlackElo "1365"]
[PlyCount "63"]
[EventDate "2010.??.??"]
[EventType "tourn (rapid)"]
[EventRounds "6"]
[SourceTitle "Corr 2013"]
[Source "ChessBase"]
[SourceDate "2012.11.12"]
[SourceVersion "1"]
[SourceVersionDate "2012.11.12"]
[SourceQuality "1"]

1. e4 d5 2. exd5 Nf6 3. Bb5+ Bd7 4. Bc4 c6 5. dxc6 Nxc6 6. Nf3 e6 7. d4 Bd6 8. Bg5 Qc7 9. Bxf6 gxf6 10. Nbd2 Rg8 11. g3 0-0-0 12. Qe2 f5 13. 0-0-0 Rg4 14. d5 Re8 15. dxc6 Bxc6 16. h3 Bxf3 17. Qxf3 Rgg8 18. Rhe1 Qa5 19. Qb3 Kb8 20. Nf3 Bb4 21. c3 Bc5 22. Re2 Bf8 23. Qb5 Bh6+ 24. Nd2 Qc7 25. Kc2 a6 26. Qb4 Bf8 27. Qb3 Qc5 28. Re3 Ka7 29. Rd3 Rc8 30. Rd7 Qc6 31. Rxf7 Bh6 32. Bxe6 1-0